000 00448nam a2200181Ia 4500
999 _c202
_d202
003 OSt
005 20241126110332.0
008 160606b xxu||||| |||| 00| 0 eng d
020 _a0800714822
040 _cgbc
082 _a269.2
_bEVA
100 _4Coleman, Robert E. (Ed)
245 _aEvangelism :
_bthe cutting edge
260 _aNew Jersey:
_bFleming H. Revell Compant,
_c1986
300 _a156p.
653 _aEvangelism
942 _2ddc
_cBK
_04